<?xml version="1.0" encoding="UTF-8"?>
<record
    xmlns:xsi="http://www.w3.org/2001/XMLSchema-instance"
    xsi:schemaLocation="http://www.loc.gov/MARC21/slim http://www.loc.gov/standards/marcxml/schema/MARC21slim.xsd"
    xmlns="http://www.loc.gov/MARC21/slim">

  <leader>01147nam a22001697a 4500</leader>
  <controlfield tag="008">200128b        xxu||||| |||| 00| 0 eng d</controlfield>
  <datafield tag="020" ind1=" " ind2=" ">
    <subfield code="a">9780495090656</subfield>
  </datafield>
  <datafield tag="050" ind1=" " ind2=" ">
    <subfield code="a">R726.5B72(6e)</subfield>
  </datafield>
  <datafield tag="100" ind1=" " ind2=" ">
    <subfield code="a">Brannon, Linda.</subfield>
    <subfield code="d">2007.</subfield>
  </datafield>
  <datafield tag="245" ind1=" " ind2=" ">
    <subfield code="a">Health psychology: an introduction to behaviour. /</subfield>
    <subfield code="c">Linda Brannon and Jess Feist.</subfield>
  </datafield>
  <datafield tag="250" ind1=" " ind2=" ">
    <subfield code="a">6th ed.</subfield>
  </datafield>
  <datafield tag="300" ind1=" " ind2=" ">
    <subfield code="a">xxxii, 1960 p. :</subfield>
    <subfield code="b">ill. col.;</subfield>
    <subfield code="c">24 cm.</subfield>
  </datafield>
  <datafield tag="500" ind1=" " ind2=" ">
    <subfield code="a">includes index and appendix.</subfield>
  </datafield>
  <datafield tag="505" ind1=" " ind2=" ">
    <subfield code="a">Part 1: Foundations of health psychology: Introducing health Psychology -- Conducting health research -- Seeking health care -- Adhering to medical advice -- Part 2: Stress, pain, and coping: Defining and measuring stress -- Understanding stress and disease -- Understanding pain -- Managing stress and pain -- Part 3: Behavior and chronic disease: Behavioral factors in cardiovascular disease -- Behavioral factors in cancer -- Living with chronic illness -- Part 4: Behavioral health: Preventing injuries -- Smoking tobacco -- Using alcohol and other drugs -- Eating and weight -- Exercising -- Part 5: Looking toward the future: Future challenges. </subfield>
  </datafield>
  <datafield tag="600" ind1=" " ind2=" ">
    <subfield code="a">Feist, Jess.</subfield>
  </datafield>
  <datafield tag="942" ind1=" " ind2=" ">
    <subfield code="2">lcc</subfield>
    <subfield code="c">BK</subfield>
  </datafield>
  <datafield tag="999" ind1=" " ind2=" ">
    <subfield code="c">7015</subfield>
    <subfield code="d">14515</subfield>
  </datafield>
  <datafield tag="952" ind1=" " ind2=" ">
    <subfield code="0">0</subfield>
    <subfield code="1">0</subfield>
    <subfield code="2">lcc</subfield>
    <subfield code="4">0</subfield>
    <subfield code="7">0</subfield>
    <subfield code="a">WIUC-1</subfield>
    <subfield code="b">WIUC-1</subfield>
    <subfield code="d">2020-01-28</subfield>
    <subfield code="l">0</subfield>
    <subfield code="o">R726.5B72(6e)</subfield>
    <subfield code="r">2020-01-28 00:00:00</subfield>
    <subfield code="t">1</subfield>
    <subfield code="w">2020-01-28</subfield>
    <subfield code="y">BK</subfield>
  </datafield>
</record>
